000
00267nam a2200097Ia 4500
001
1144665
005
20250827010218.0
008
250824s9999 xx 000 0 und d
245
0
_a
AKILLANDIM ARTIK ŞİMDİ DAHA DELİYİM
_c
NİLGÜN BODUR
260
_b
DESTEK YAYINLARI
999
_c
1144665
_d
1144665